000 00216 a2200097 4500
001 43453
100 _aShakespeare
245 _aWinter's Tale
260 _aLondon
_bOxford University Press
_c
090 _c27276
_d27276
942 _aNUST-CAE
_cM
_c19198
999 _c278526
_d278526